00591nam a2200169 a 450000100100000000500170001000800410002704000250006808200220009324500840011525000110019926000380021030000270024804900090027595201200028499900170040400003113120200930062726.0110614s1995 dr a 000 0 spa d aDO-SdBNPbspacBNPHU axxxxbC961v, 199500aCuando de vaca se trata... :bmanual para crianza y cuidado del ganado vacuno/. a2a ed. aSanto Domingo :bCe-Mujer,c1995. a54 p. :bspa ;c27 cm. aBNPD 0010718PDaPDbPDcCTd2011-06-14iLF1l0oxxxx C961v, 1995p31131-10r2020-06-25w2020-06-25yLFPDZNo se presta c30623d30623